01407 2200349 4500001002100000005001500021035002000036007000300056008004100059040002200100043001200122100009600134245008400230250003400314300003100348504003600379999002400415020002200439041001400461082001400475084002400489090002400513264005100537336002100588337003000609338002300639520030500662521001500967600003800982650002501020850001201045INLIS00000000001660420260604012417 a0010-0626000049ta260604s2024 nti g b ind  aNTPDKUPbIndcrda aa-io-nt aPaulinus Tibod1985-dPaulinus Tibod1985-d1985-ePenulisePenulisePaulinus TiboePenulis 0aKatekese Moderasi Beragama /cPaulinus ; Editor : Tibo Ona Sastri Lumban Tobing aCetakan pertama, Oktober 2024 axiii, 131 halaman ;c23 cm aBibliografi : halaman 114 - 129 aCB-D.16.22 2025-142 a978-623-8706-67-9 aIndonesia142[23]a238 aCB-D.16.22 2025-142 aCB-D.16.22 2025-142 1aKupang :bTangguh Denara Jaya Publisher,c2024 2rdacontentateks 2rdamediaatanpa perantara 2rdacarrieravolume aBuku "Katekese Moderasi Beragama" (sering dikaitkan dengan konteks Orang Muda Katolik dan Gereja Indonesia) adalah panduan spiritual yang mengintegrasikan nilai-nilai toleransi, dialog, dan kebangsaan dengan ajaran iman. Buku ini berfungsi sebagai kompas moral untuk merawat keberagaman di Indonesia. aUntuk umum aOna Sastri Lumban Tobing-eEditor aAlkitab - Katekismus aNTPDKUP